Kabale University Library Catalogue

Applied psychology in human resource management / (Record no. 5925)

MARC details
000 -LEADER
fixed length control field 00882cam a2200253 a 4500
005 - DATE AND TIME OF LATEST TRANSACTION
control field 20260202112525.0
008 - FIXED-LENGTH DATA ELEMENTS--GENERAL INFORMATION
fixed length control field 970213s1998 njua b 001 0 eng
020 ## - INTERNATIONAL STANDARD BOOK NUMBER
International Standard Book Number 0138342288
020 ## - INTERNATIONAL STANDARD BOOK NUMBER
International Standard Book Number 9780138342289
035 ## - SYSTEM CONTROL NUMBER
System control number 1651353
040 ## - CATALOGING SOURCE
Original cataloging agency KABLIB
Transcribing agency KABLIB
Description conventions rda
082 00 - DEWEY DECIMAL CLASSIFICATION NUMBER
Classification number 658.3001
Edition number 23
Item number CAS
100 1# - MAIN ENTRY--PERSONAL NAME
Personal name Cascio, Wayne F.
9 (RLIN) 14947
245 10 - TITLE STATEMENT
Title Applied psychology in human resource management /
Statement of responsibility, etc. Wayne F. Cascio.
250 ## - EDITION STATEMENT
Edition statement 5th ed.
260 ## - PUBLICATION, DISTRIBUTION, ETC.
Place of publication, distribution, etc. Upper Saddle River, NJ :
Name of publisher, distributor, etc. Prentice Hall,
Date of publication, distribution, etc. c1998.
300 ## - PHYSICAL DESCRIPTION
Extent xv, 399 p. :
Other physical details ill. ;
Dimensions 27 cm.
504 ## - BIBLIOGRAPHY, ETC. NOTE
Bibliography, etc. note Includes bibliographical references (p. 333-385), indexes.
650 #0 - SUBJECT ADDED ENTRY--TOPICAL TERM
Topical term or geographic name entry element Personnel management
General subdivision Psychological aspects.
9 (RLIN) 14948
650 #0 - SUBJECT ADDED ENTRY--TOPICAL TERM
Topical term or geographic name entry element Psychology, Industrial.
9 (RLIN) 14949
650 #0 - SUBJECT ADDED ENTRY--TOPICAL TERM
Topical term or geographic name entry element Personnel management
Geographic subdivision United States.
9 (RLIN) 14679
650 #0 - SUBJECT ADDED ENTRY--TOPICAL TERM
Topical term or geographic name entry element Psychology, Industrial
Geographic subdivision United States.
9 (RLIN) 14950
942 ## - ADDED ENTRY ELEMENTS (KOHA)
Source of classification or shelving scheme Dewey Decimal Classification
Koha item type Book
Holdings
Withdrawn status Lost status Source of classification or shelving scheme Damaged status Not for loan Home library Current library Shelving location Date acquired Source of acquisition Total Checkouts Full call number Barcode Date last seen Price effective from Koha item type
    Dewey Decimal Classification     Mukombe Library Mukombe Library Open Access Section 02.02.2026 Donation   658.3001 CAS 14438 02.02.2026 02.02.2026 Book
    Dewey Decimal Classification     Mukombe Library Mukombe Library Open Access Section 02.02.2026 Donation   658.3001 CAS 14439 02.02.2026 02.02.2026 Book

Kabale University Library | Kabale University P.O Box 317, Kabale, Uganda
Tel : +256754017033, +256774661503 E-mail : library@kab.ac.ug